01668pam a2200337 i 45000010008000000030009000080050017000170080041000340200015000750400043000900820020001331110132001532450221002852640039005062640010005453000046005553360026006013370028006273380027006555000187006825040051008696500048009206500052009686500057010206550017010777000037010947000039011319420012011709990017011829520131011994731690EG-ScBUE20250720095010.0840209t1984 nyua f b 101 0 eng  a0306416670 aEG-ScBUEbengerdacEG-ScBUEdEG-ScBUE04a541.28222bLOC2 aSymposium on Local Density Approximations in Quantum Chemistry and Solid State Theoryd(1982 :cUniversity of Copenhagen)9752510aLocal density approximations in quantum chemistry and solid state physics /cedited by Jens Peder Dahl, Technical University of Denmark, Lyngby, Denmark, and John Avery, University of Copenhagen, Copenhagen, Denmark. 1aNew York : bPlenum Press,c[1984] 4cc1984 axiii, 851 pages :billustrations ;c26 cm 2rdacontentatextbtxt aunmediated2rdamediabn avolumebnc2rdacarrier a"Proceedings of a Symposium on Local Density Approximations in Quantum Chemistry and Solid State Theory, held June 10-12, 1982, at the University of Copenhagen, Copenhagen, Denmark." aIncludes bibliographical references and index. 7aQuantum chemistryxCongresses.975262BUEsh 7aSolid state chemistryxCongresses.975272BUEsh 7aHartree-Fock approximationxCongresses.975282BUEsh vReading book1 aDahl, Jens Peder,97529eeditor.1 aAvery, John,d1933-97530eeditor. 2ddccBB c12189d12189 00102ddc40708AlahramaMAINbMAINc1STd2009-07-05ePurchaseg222.80h72l0o541.28 LOCp000017331r2025-07-15 00:00:00yBB